Religions by Country Borders - Click Quiz - Statistics

General Stats
  • This quiz has been taken 46 times
  • The average score is 18 of 25
Answer Stats
Hint Answer % Correct
Colombia - Panama 1. Christianity - Christianity
87%
Algeria - Tunisia 6. Islam - Islam
87%
Mexico - United States 1. Christianity - Christianity
85%
Belgium - France 1. Christianity - Christianity
82%
Dominican Republic - Haiti 1. Christianity - Christianity
82%
Cambodia - Laos 3. Buddhism - Buddhism
82%
Kazakhstan - Uzbekistan 6. Islam - Islam
82%
Oman - Yemen 6. Islam - Islam
82%
Argentina - Bolivia 1. Christianity - Christianity
79%
Belarus - Ukraine 1. Christianity - Christianity
79%
Georgia - Turkey 2. Christianity - Islam
79%
Israel - Jordan 9. Judaism - Islam
79%
India - Pakistan 7. Hinduism - Islam
77%
Ethiopia - Somalia 2. Christianity - Islam
72%
Mongolia - Russia 4. Buddhism - Christianity
72%
India - Nepal 8. Hinduism - Hinduism
72%
Mozambique - Zambia 1. Christianity - Christianity
69%
Bangladesh - Myanmar 5. Buddhism - Islam
69%
Albania - Greece 2. Christianity - Islam
62%
Indonesia - Papua New Guinea 2. Christianity - Islam
62%
Malaysia - Thailand 5. Buddhism - Islam
62%
Benin - Togo 1. Christianity - Christianity
56%
Cameroon - Chad 2. Christianity - Islam
56%
Eritrea - Sudan 2. Christianity - Islam
49%
Guinea - Liberia 2. Christianity - Islam
33%
No matching quizzes found
Score Distribution
Percent of People with Each Score
Percentile by Number Answered
Your Score History
You have not taken this quiz